Collection Couturier : (Record no. 185565)

MARC details
000 -LEADER
campo de control de longitud fija 00671nam a2200157 i 4500
001 - NÚMERO DE CONTROL
campo de control 185565
003 - IDENTIFICADOR DE NÚMERO DE CONTROL
campo de control ES-MaACL
005 - FECHA Y HORA DE LA ÚLTIMA TRANSACCIÓN
campo de control 20250822235201.0
008 - DATOS DE LONGITUD FIJA--INFORMACIÓN GENERAL
campo de control de longitud fija 160712s1930 fr |||| | fre d
245 00 - MENCIÓN DEL TÍTULO
Título Collection Couturier :
Resto del título monnaies antiques, grecques et romaines, monnaies françaises, gauloises, mérovingiennes et capétiennes, monnaies féodales et étrangères, médailles & jetons : vente aux enchères publiques les lundi 7, mardi 8, mercredi 9 et jeudi 10 avril 1930.
260 ## - PUBLICACIÓN, DISTRIBUCIÓN, ETC.
Lugar de publicación, distribución, etc. Paris :
Nombre del editor, distribuidor, etc. [Chaufour],
Fecha de publicación, distribución, etc. 1930.
300 ## - DESCRIPCIÓN FÍSICA
Extensión 94 p., 16 lám. :
Otras características físicas il. ;
Dimensiones 28 cm.
650 #7 - PUNTO DE ACCESO ADICIONAL DE MATERIA--TÉRMINO DE MATERIA
Término de materia o nombre geográfico como elemento de entrada Numismática
Fuente del encabezamiento o término embne
9 (RLIN) 15648
852 1# - LOCALIZACIÓN
Ubicación BA
Número de control de estantería B-3394
Holdings
Estatus retirado Estado de pérdida Estado de daño No para préstamo Biblioteca de origen Biblioteca actual Ubicación en estantería Fecha de adquisición Fuente de adquisición Total de préstamos Signatura topográfica completa Código de barras Visto por última vez Precio de reemplazo Tipo de ítem Koha
        Biblioteca del Ateneo de Madrid Biblioteca del Ateneo de Madrid Sala Pardo Bazán 12/07/2016     B-3394 1195583 23/02/2023 23/02/2023 Libro impreso